| 000 | 01344cam a22002891i 4500 | ||
|---|---|---|---|
| 003 | SA-RiAUC | ||
| 005 | 20250709123154.0 | ||
| 008 | 250603s1984 ua g 000 0 ara c | ||
| 040 |
_aJO-IrYU _bara _cSA-RiAUC _erda |
||
| 082 | 0 | 4 |
_a332.1221 _qSA-RiAUC |
| 090 |
_a332.1221 _bا ت ح |
||
| 110 | 2 |
_aالاتحاد الدولي للبنوك الإسلامية _eمؤلف. |
|
| 245 | 1 | 0 |
_aدليل تحليل الجدوى وتقييم المشروعات من منظور مصرفي إسلامي / _cالاتحاد الدولي للبنوك الإسلامية. |
| 250 | _aالطبعة الأولى. | ||
| 264 | 1 |
_aالقاهرة : _bالاتحاد الدولي للبنوك الإسلامية، _c1984 |
|
| 300 |
_a[متعدد الترقيم] ؛ _c24 سم. |
||
| 336 |
_aنص _btxt _2rdacontent _3كتاب |
||
| 337 |
_aبدون وسيط _bn _2rdamedia |
||
| 338 |
_aمجلد _bnc _2rdacarrier |
||
| 490 | 1 | _aالموسوعة العلمية والعملية للبنوك الإسلامية | |
| 650 | 7 |
_aالبنوك الإسلامية _2aucsh |
|
| 650 | 7 |
_aالاقتصاد الإسلامي _2aucsh |
|
| 650 | 7 |
_aدراسة الجدوى (اقتصاد إسلامي) _2aucsh |
|
| 830 | 2 | _aالموسوعة العلمية والعملية للبنوك الإسلامية | |
| 942 |
_2ddc _cBOOK _n0 |
||
| 949 |
_aSA-JeALM _d250603 _umohamedma123 _n1 |
||
| 999 |
_c9664 _d9664 |
||